Communication for development in the Third World : theory and practice

Αποθηκεύτηκε σε:
Λεπτομέρειες βιβλιογραφικής εγγραφής
Κύριος συγγραφέας: Melkote, Srinivas R. 1952-
Μορφή: Βιβλίο
Γλώσσα:English
Δημοσίευση: New Delhi : Sage Publications, c1991
Θέματα:
Ετικέτες: Προσθήκη ετικέτας
Δεν υπάρχουν, Καταχωρήστε ετικέτα πρώτοι!

MARC

LEADER 00000nam a2200000 i 4500
001 1/94846
008 991130s1991 eng d
020 |a 0-8039-9684-5 
035 |l 10055017 
040 |a GR-MY-UA  |b gre  |e aacr 
041 0 |a eng 
082 0 |a 338.90091724 
100 1 |a Melkote, Srinivas R.  |d 1952- 
245 1 0 |a Communication for development in the Third World :  |b theory and practice /  |c Srinivas R. Melkote 
260 |a New Delhi :   |b Sage Publications,   |c c1991 
300 |a 292 p.  |b fig.; tabl. 
504 |a Includes bibliographical references and index 
650 0 0 |a Communication in economic development  |z Developing countries. 
651 0 |a Developing countries  |x Economic policy. 
852 |a INST  |b LESVOS  |e 19991130  |h 338.90091724 MEL  |p 005100022093  |q 005100022093  |t BK  |y 0 
901 |a BIBL1-2000-1 
909 |a Λ  |b 070288 
922 |a 1ΕΛΗ  |b 199911  |c ΚΠΣ/ΤΓ  |d LEADER 
950 |a 118-1999-09-03 
970 |a ΜΟΥΣΤΑΚΑ  |b ΠΗΝΕΛΟΠΗ  |z 2000/01/24